[Event "FRA T I 120102011"]
[Site "FRA"]
[Date "2010.11.14"]
[Round "3.5"]
[White "Ollier, Milan"]
[Black "Prost, Frederic"]
[Result "0-1"]
[WhiteElo "2148"]
[BlackElo "2074"]
[PlyCount "110"]
[EventDate "2010.10.17"]
[EventType "team-match"]
[EventRounds "9"]
[EventCountry "FRA"]
[Source "FFE"]
[SourceDate "2010.10.29"]
[WhiteTeamCountry "FRA"]
[BlackTeamCountry "FRA"]

1. e4 c5 2. Nf3 d6 3. Bb5+ Nc6 4. O-O Bd7 5. c3 Nf6 6. Re1 a6 7. Bxc6 Bxc6 8.
d4 Bxe4 9. Bg5 Bd5 10. c4 Bxc4 11. Bxf6 gxf6 12. d5 e5 13. dxe6 Bxe6 14. Nc3
Kd7 15. Nh4 Rc8 16. Qh5 Kc7 17. Rad1 Kb8 18. f4 f5 19. Nd5 Qa5 20. Re2 Qxa2 21.
Nc3 Qc4 22. Nxf5 d5 23. Ne3 Qxf4 24. Ncxd5 Qh6 25. Qe5+ Ka7 26. Nf5 Bxf5 27.
Qxf5 Bd6 28. g3 Qg6 29. Qf3 Rhe8 30. Red2 Be5 31. Qb3 Bd4+ 32. Kg2 Re5 33. Nf4
Qc6+ 34. Qf3 Qxf3+ 35. Kxf3 Rce8 36. Ng2 Rh5 37. Nf4 Rhe5 38. Ng2 R8e7 39. Nh4
h5 40. Kg2 Re2+ 41. Kf1 Rxd2 42. Rxd2 Re3 43. Rf2 Rb3 44. Rxf7 Rxb2 45. Nf3 Be3
46. Ke1 a5 47. Ne5 Rxh2 48. Nc4 Bd4 49. Rh7 Rc2 50. Nd6 Rb2 51. Nc4 Rb1+ 52.
Kd2 a4 53. Ke2 Rb3 54. Nd6 Rb2+ 55. Kd3 a3 0-1

[Event "FRA T I 120102011"]
[Site "FRA"]
[Date "2010.11.14"]
[Round "3.7"]
[White "Sebbah, Julien"]
[Black "Eydt, Yoann"]
[Result "1/2-1/2"]
[WhiteElo "1948"]
[BlackElo "1732"]
[PlyCount "110"]
[EventDate "2010.10.17"]
[EventType "team-match"]
[EventRounds "9"]
[EventCountry "FRA"]
[Source "FFE"]
[SourceDate "2010.10.29"]
[WhiteTeamCountry "FRA"]
[BlackTeamCountry "FRA"]

1. d4 d5 2. Nf3 Nf6 3. c4 e6 4. Nc3 Be7 5. Bf4 O-O 6. e3 c6 7. Qc2 Nbd7 8. h3
dxc4 9. Bxc4 Nb6 10. Bb3 Nbd5 11. Bh2 Nb4 12. Qe2 b6 13. Bc4 b5 14. Bd3 Nxd3+
15. Qxd3 Qb6 16. O-O a5 17. Rfc1 Ba6 18. Ne4 Rfd8 19. Nxf6+ Bxf6 20. Qe4 Rac8
21. Rc5 Rd5 22. Rac1 Be7 23. Rxd5 cxd5 24. Rxc8+ Bxc8 25. Qc2 Bb7 26. Bc7 Qa6
27. Ne5 a4 28. a3 b4 29. axb4 Bxb4 30. Nd3 Bf8 31. Nc5 Bxc5 32. dxc5 Qc4 33.
Qxc4 dxc4 34. Ba5 Kf8 35. f3 Ke7 36. Kf2 Kd7 37. Ke2 Kc6 38. Bb4 Ba6 39. Kd2 g6
40. g3 Kb5 41. Ba3 Bb7 42. e4 e5 43. h4 h5 44. Ke3 Bc6 45. g4 Bd7 46. g5 Kc6
47. Bb4 Be6 48. Bc3 Kxc5 49. Bxe5 Bh3 50. Bc3 Kd6 51. Bb4+ Ke6 52. Kd4 Bf1 53.
Be1 Be2 54. f4 Bd3 55. b4 axb3 1/2-1/2

[Event "FRA T I 120102011"]
[Site "FRA"]
[Date "2010.11.14"]
[Round "3.8"]
[White "Guillon, Gabriel"]
[Black "Blanchard, Herve"]
[Result "1/2-1/2"]
[WhiteElo "1828"]
[BlackElo "1730"]
[PlyCount "107"]
[EventDate "2010.10.17"]
[EventType "team-match"]
[EventRounds "9"]
[EventCountry "FRA"]
[Source "FFE"]
[SourceDate "2010.10.29"]
[WhiteTeamCountry "FRA"]
[BlackTeamCountry "FRA"]

1. d4 Nf6 2. c4 e6 3. Nc3 Bb4 4. e3 O-O 5. Bd3 d5 6. Nge2 c5 7. O-O dxc4 8.
Bxc4 cxd4 9. exd4 Nc6 10. a3 Be7 11. Bf4 a6 12. Re1 b5 13. Bd3 Bb7 14. b4 Rc8
15. Rc1 Qd7 16. Be5 Rfd8 17. Bb1 Nxe5 18. dxe5 Qxd1 19. Rexd1 Nd5 20. Ne4 Rxc1
21. Rxc1 f6 22. exf6 Nxf6 23. Ng5 e5 24. f3 Rc8 25. Ba2+ Kf8 26. Ne6+ Ke8 27.
Nxg7+ Kf8 28. Ne6+ Ke8 29. Nc7+ Kf8 30. Ne6+ Ke8 31. Nc7+ Kf8 32. Ne6+ Ke8 33.
Rxc8+ Bxc8 34. Nc5 Bxc5+ 35. bxc5 Bb7 36. Nc3 Kd7 37. g4 Bxf3 38. g5 Ne4 39.
c6+ Kc7 40. Bd5 Nxg5 41. h4 Bxd5 42. Nxd5+ Kxc6 43. Nb4+ Kb6 44. hxg5 a5 45.
Nc2 Kc5 46. Kf2 b4 47. axb4+ axb4 48. Na1 Kd5 49. Ke3 e4 50. Nb3 Ke5 51. Nd4 b3
52. Nxb3 Kf5 53. Nd4+ Kxg5 54. Kxe4 1/2-1/2

[Event "FRA T I 120102011"]
[Site "FRA"]
[Date "2010.11.13"]
[Round "2.4"]
[White "Minery, Guillaume"]
[Black "Hodot, Yves"]
[Result "0-1"]
[WhiteElo "1917"]
[BlackElo "1952"]
[PlyCount "108"]
[EventDate "2010.10.17"]
[EventType "team-match"]
[EventRounds "9"]
[EventCountry "FRA"]
[Source "FFE"]
[SourceDate "2010.10.29"]
[WhiteTeamCountry "FRA"]
[BlackTeamCountry "FRA"]

1. e4 e6 2. Nf3 c5 3. b4 cxb4 4. d4 Nc6 5. a3 Nf6 6. d5 Nxe4 7. dxc6 Bc5 8.
cxd7+ Bxd7 9. Be3 Bxe3 10. fxe3 Qa5 11. Nfd2 Bc6 12. Nxe4 Bxe4 13. Qd4 bxa3+
14. Nc3 O-O 15. Kf2 Bg6 16. Nb5 Rad8 17. Qc3 Qb6 18. Nxa3 Rc8 19. Qd4 Qc7 20.
Bd3 e5 21. Qxa7 Qc3 22. Qxb7 Qd2+ 23. Be2 f5 24. Rhd1 Qc3 25. Qb3+ Kh8 26. Qxc3
Rxc3 27. Bd3 e4 28. Be2 f4 29. exf4 Rxf4+ 30. Kg1 Rf8 31. h3 h5 32. Kh2 Rf2 33.
Re1 Kh7 34. Bf1 Kh6 35. Re2 Rxf1 36. Rxf1 Rxa3 37. Rc1 Rc3 38. Kg1 Kg5 39. Kf2
Kf4 40. Kg1 e3 41. Rf1+ Ke5 42. Rff2 Kd4 43. Rf4+ Be4 44. h4 Ke5 45. Rf7 g6 46.
g3 Bd5 47. Re7+ Kd4 48. Rd7 Ke4 49. Rd6 Bc4 50. Re1 e2 51. Rxg6 Ke3 52. Rg5 Ke4
53. Kf2 Rf3+ 54. Kg2 Rf1 {suite illisible} 0-1

[Event "FRA T I 120102011"]
[Site "FRA"]
[Date "2010.11.13"]
[Round "2.5"]
[White "Obringer, Jean Marc"]
[Black "Pivard, Jean Louis"]
[Result "0-1"]
[WhiteElo "2038"]
[BlackElo "2079"]
[PlyCount "105"]
[EventDate "2010.10.17"]
[EventType "team-match"]
[EventRounds "9"]
[EventCountry "FRA"]
[Source "FFE"]
[SourceDate "2010.10.29"]
[WhiteTeamCountry "FRA"]
[BlackTeamCountry "FRA"]

1. d4 Nf6 2. Nf3 c5 3. c4 cxd4 4. Nxd4 g6 5. Nc3 Bg7 6. g3 O-O 7. Bg2 Nc6 8.
O-O Qb6 9. Nb3 d6 10. Bg5 Be6 11. Nd5 Bxd5 12. cxd5 Ne5 13. Be3 Qa6 14. Bd4
Nfd7 15. Rc1 Rac8 16. Bh3 f5 17. Rxc8 Rxc8 18. e4 Rf8 19. exf5 gxf5 20. a3 Qc4
21. Bc3 b6 22. Bg2 f4 23. Nd4 f3 24. Bh3 Nc5 25. Ne6 Nxe6 26. Bxe6+ Kh8 27. Qd2
Qd3 28. Rd1 Qxd2 29. Rxd2 a5 30. Bd4 Nc4 31. Bxg7+ Kxg7 32. Rc2 b5 33. a4 Rb8
34. Bd7 Nb6 35. Bxb5 Nxd5 36. Rd2 Nb4 37. h3 Rc8 38. Kh2 h5 39. g4 h4 40. Bd7
Rc7 41. Bf5 Kf6 42. Be4 Rc5 43. Bxf3 d5 44. Be2 e5 45. Kg2 Kg5 46. Kf3 e4+ 47.
Kg2 Kf4 48. Bd1 Nc6 49. Be2 d4 50. Bb5 e3 51. Re2 Ne5 52. fxe3+ dxe3 53. Ba6 {
suite illisible} 0-1

[Event "FRA T I 120102011"]
[Site "FRA"]
[Date "2010.11.13"]
[Round "2.5"]
[White "Hamm, Fabien"]
[Black "Penkov, Nikola"]
[Result "1-0"]
[WhiteElo "2006"]
[BlackElo "1806"]
[PlyCount "103"]
[EventDate "2010.10.17"]
[EventType "team-match"]
[EventRounds "9"]
[EventCountry "FRA"]
[Source "FFE"]
[SourceDate "2010.10.29"]
[WhiteTeamCountry "FRA"]
[BlackTeamCountry "FRA"]

1. e4 c5 2. c3 d5 3. exd5 Qxd5 4. d4 Nf6 5. Nf3 Bg4 6. Be2 cxd4 7. cxd4 e6 8.
Nc3 Qd8 9. Qb3 b6 10. Bb5+ Nbd7 11. Ne5 Bf5 12. Bg5 Be7 13. Bxf6 Bxf6 14. Nxd7
Bxd4 15. Qb4 Bxc3+ 16. Qxc3 Qg5 17. Nxb6+ Ke7 18. Nxa8 Be4 19. Qb4+ Kf6 20.
Qxe4 Qxb5 21. Qe2 Qb4+ 22. Kf1 Qb7 23. Qf3+ Qxf3 24. gxf3 Rxa8 25. Rc1 a5 26.
Ke2 a4 27. Rhd1 Rb8 28. Rc2 Rb4 29. Ke3 Rh4 30. Rh1 Kf5 31. b3 axb3 32. axb3 e5
33. Rb2 e4 34. fxe4+ Rxe4+ 35. Kd3 Kf4 36. b4 f5 37. b5 Re7 38. b6 Rb7 39. Kd4
g5 40. Kd5 Kf3 41. Kc6 Rb8 42. Rg1 g4 43. b7 h5 44. Kc7 Re8 45. b8=Q Re7+ 46.
Kd6 Re4 47. Rg3+ Kf4 48. Kd5+ Kg5 49. Qg8+ Kf6 50. Rb6+ Ke7 51. Rb7+ Kf6 52.
Qg7# 1-0

[Event "FRA T I 120102011"]
[Site "FRA"]
[Date "2010.11.13"]
[Round "2.5"]
[White "Lachaux, Jerome"]
[Black "Ollier, Milan"]
[Result "1/2-1/2"]
[WhiteElo "2008"]
[BlackElo "2148"]
[PlyCount "103"]
[EventDate "2010.10.17"]
[EventType "team-match"]
[EventRounds "9"]
[EventCountry "FRA"]
[Source "FFE"]
[SourceDate "2010.10.29"]
[WhiteTeamCountry "FRA"]
[BlackTeamCountry "FRA"]

1. e4 c5 2. d4 cxd4 3. c3 dxc3 4. Nxc3 Nc6 5. Nf3 e6 6. Bc4 Qc7 7. O-O Nf6 8.
Re1 Ng4 9. Nd5 exd5 10. exd5+ Ne7 11. d6 Qxc4 12. dxe7 Bxe7 13. Qd6 O-O 14.
Rxe7 a5 15. Qd2 a4 16. Qe1 d5 17. Bg5 b6 18. h3 Nf6 19. Bxf6 gxf6 20. Rc1 Qf4
21. Qc3 Be6 22. Re1 Rfc8 23. Qd4 Rc4 24. Qxf4 Rxf4 25. a3 Rd8 26. Rb7 Rd6 27.
h4 Rc4 28. Re3 d4 29. Rd3 Kg7 30. Nd2 Rc1+ 31. Kh2 f5 32. Kg3 Rc2 33. Nf3 Rxb2
34. Rxd4 Rxd4 35. Nxd4 Kf6 36. f3 h5 37. f4 Rxg2+ 38. Kxg2 Bd5+ 39. Kf2 Bxb7
40. Ke3 Be4 41. Ne2 Ke6 42. Kd4 Bf3 43. Nc3 Bc6 44. Kc4 Kd6 45. Kb4 Be8 46. Kc4
Bc6 47. Ne2 Bf3 48. Nd4 Be4 49. Nb5+ Kc6 50. Nc3 Bc2 51. Ne2 Be4 52. Kd4
1/2-1/2

[Event "FRA T I 120102011"]
[Site "FRA"]
[Date "2010.11.14"]
[Round "3.5"]
[White "Pivard, Jean Louis"]
[Black "Penkov, Nikola"]
[Result "1-0"]
[WhiteElo "2079"]
[BlackElo "1806"]
[PlyCount "103"]
[EventDate "2010.10.17"]
[EventType "team-match"]
[EventRounds "9"]
[EventCountry "FRA"]
[Source "FFE"]
[SourceDate "2010.10.29"]
[WhiteTeamCountry "FRA"]
[BlackTeamCountry "FRA"]

1. d4 Nf6 2. Nf3 e6 3. c4 Bb4+ 4. Bd2 Bxd2+ 5. Qxd2 b6 6. Nc3 Bb7 7. Qf4 d6 8.
e4 O-O 9. Rd1 Qe7 10. Bd3 Nbd7 11. O-O e5 12. Qh4 Rfe8 13. Rfe1 Nf8 14. dxe5
dxe5 15. Nd5 Nxd5 16. exd5 Qxh4 17. Nxh4 Rad8 18. Bc2 g6 19. g4 Kg7 20. Re3 Rd6
21. Rde1 Ba6 22. Ba4 Re7 23. b3 Bc8 24. f4 Bxg4 25. fxe5 Rd8 26. Rg3 Bc8 27.
Bc6 Kg8 28. b4 Nd7 29. Rge3 Nb8 30. b5 Nxc6 31. bxc6 Ba6 32. Rc1 Rde8 33. Ra3
Bc8 34. d6 cxd6 35. exd6 Re4 36. Nf3 Rd8 37. d7 Bxd7 38. c7 Ra8 39. Rd3 Bc8 40.
Rd8+ Kg7 41. c5 Re7 42. cxb6 axb6 43. Nd4 Re5 44. Rc2 Re7 45. Nb5 Kf6 46. Nd6
Ra4 47. Rxc8 Rg4+ 48. Kf1 Rf4+ 49. Rf2 Rxf2+ 50. Kxf2 Ke6 51. Nb5 Ke5 52. Rd8
1-0

[Event "FRA T I 120102011"]
[Site "FRA"]
[Date "2010.11.13"]
[Round "2.8"]
[White "Fantin, Alison"]
[Black "Desfonds, Sylvie"]
[Result "1/2-1/2"]
[WhiteElo "1894"]
[BlackElo "1769"]
[PlyCount "99"]
[EventDate "2010.10.17"]
[EventType "team-match"]
[EventRounds "9"]
[EventCountry "FRA"]
[Source "FFE"]
[SourceDate "2010.10.29"]
[WhiteTeamCountry "FRA"]
[BlackTeamCountry "FRA"]

1. e4 c5 2. Nf3 e6 3. c4 Nc6 4. d4 cxd4 5. Nxd4 Nf6 6. Nc3 Qa5 7. f3 a6 8. Be3
Be7 9. Qd2 O-O 10. Bd3 Rd8 11. O-O Nxd4 12. Bxd4 d5 13. cxd5 Bc5 14. Bxc5 Qxc5+
15. Qf2 Qxf2+ 16. Kxf2 exd5 17. exd5 Nxd5 18. Nxd5 Rxd5 19. Rad1 Be6 20. Be4
Rb5 21. b3 a5 22. Rd2 g6 23. Rfd1 a4 24. Rd8+ Rxd8 25. Rxd8+ Kg7 26. bxa4 Rb2+
27. Kg3 Rxa2 28. Bxb7 Rxa4 29. Rd2 Ra7 30. Bc6 h5 31. Rb2 Rc7 32. Be4 Rc5 33.
Kf4 g5+ 34. Ke3 Kf6 35. Rc2 Rxc2 36. Bxc2 Ke5 37. g3 f5 38. f4+ gxf4+ 39. gxf4+
Kf6 40. h4 Bf7 41. Kd4 Bg6 42. Kd5 Bf7+ 43. Kd6 Bg6 44. Bb3 Be8 45. Bg8 Ba4 46.
Be6 Bd1 47. Bd7 Be2 48. Be8 Bd1 49. Bb5 Bb3 50. Be8 1/2-1/2

[Event "FRA T I 120102011"]
[Site "FRA"]
[Date "2010.10.17"]
[Round "1.1"]
[White "Houard, Sebastien"]
[Black "Weill, Roland"]
[Result "1-0"]
[WhiteElo "2132"]
[BlackElo "2198"]
[PlyCount "99"]
[EventDate "2010.10.17"]
[EventType "team-match"]
[EventRounds "9"]
[EventCountry "FRA"]
[Source "FFE"]
[SourceDate "2010.10.29"]
[WhiteTeamCountry "FRA"]
[BlackTeamCountry "FRA"]

1. e4 e5 2. Bc4 Nf6 3. Nc3 Bb4 4. d3 O-O 5. Bg5 h6 6. Bh4 d6 7. Nge2 Be6 8. O-O
Nbd7 9. Nd5 Bxd5 10. Bxd5 g5 11. Bg3 Nxd5 12. exd5 f5 13. f3 Qf6 14. Bf2 Qf7
15. c4 Bc5 16. Bxc5 Nxc5 17. d4 exd4 18. Nxd4 a5 19. Re1 Rae8 20. Qd2 b6 21. b3
Re5 22. a3 Rfe8 23. b4 Nd3 24. Rxe5 Nxe5 25. Qc2 Qf6 26. Rd1 axb4 27. axb4 f4
28. Ne6 Rxe6 29. dxe6 Qxe6 30. c5 bxc5 31. bxc5 Nf7 32. cxd6 cxd6 33. Qc3 Qe7
34. Qc8+ Kg7 35. Qc3+ Kg8 36. Ra1 Ne5 37. Qd4 Nf7 38. h3 Qe6 39. Kh2 Qe7 40.
Rb1 Kh7 41. Qd5 Kg6 42. Rb7 Qf6 43. Qe4+ Kg7 44. Qe8 Qf5 45. Rb8 Qd5 46. Qg8+
Kf6 47. Rf8 Ke7 48. Qg7 Qe6 49. Ra8 Qd5 50. Ra7+ 1-0

[Event "FRA T I 120102011"]
[Site "FRA"]
[Date "2010.11.14"]
[Round "3.4"]
[White "Debray, Francois"]
[Black "Blanc, Sebastien"]
[Result "1-0"]
[WhiteElo "2185"]
[BlackElo "2106"]
[PlyCount "97"]
[EventDate "2010.10.17"]
[EventType "team-match"]
[EventRounds "9"]
[EventCountry "FRA"]
[Source "FFE"]
[SourceDate "2010.10.29"]
[WhiteTeamCountry "FRA"]
[BlackTeamCountry "FRA"]

1. e4 e6 2. Nf3 d5 3. Nc3 Nf6 4. e5 Nfd7 5. d4 c5 6. dxc5 Nc6 7. Bf4 Bxc5 8.
Bd3 f6 9. exf6 Nxf6 10. Qe2 O-O 11. O-O-O Qa5 12. Kb1 a6 13. g4 Bb4 14. Bd2 d4
15. Ne4 Nd5 16. a3 Bxd2 17. Nexd2 Nf4 18. Qe4 Nxd3 19. Qxd3 e5 20. Ng5 g6 21.
Qh3 Qc7 22. Nde4 Rf4 23. Qb3+ Kg7 24. f3 h6 25. Nh3 Rf7 26. Ng1 Na5 27. Qd3 Nc4
28. h4 Ne3 29. Rc1 Be6 30. h5 Bc4 31. Qd2 g5 32. Rh3 Bd5 33. Qd3 Bc4 34. Qd2
Rc8 35. Ne2 Bxe2 36. Qxe2 Qc6 37. Qd3 Rcf8 38. c3 Rc8 39. Rhh1 Qb6 40. cxd4
Rxc1+ 41. Rxc1 exd4 42. Nd2 Rd7 43. Nc4 Qc6 44. Nd2 Ng2 45. Ne4 Nf4 46. Qc2 Qd5
47. Ng3 d3 48. Qc3+ Kh7 49. Ne4 1-0

[Event "FRA T I 120102011"]
[Site "FRA"]
[Date "2010.11.13"]
[Round "2.3"]
[White "Guerin, Michel"]
[Black "Dubois, Martine"]
[Result "1-0"]
[WhiteElo "2109"]
[BlackElo "2004"]
[PlyCount "97"]
[EventDate "2010.10.17"]
[EventType "team-match"]
[EventRounds "9"]
[EventCountry "FRA"]
[Source "FFE"]
[SourceDate "2010.10.29"]
[WhiteTeamCountry "FRA"]
[BlackTeamCountry "FRA"]

1. e4 d5 2. exd5 Qxd5 3. Nf3 Bg4 4. Be2 Nc6 5. Nc3 Qd7 6. h3 Bh5 7. d3 e6 8.
Bf4 Bd6 9. Qd2 Bxf3 10. Bxf3 Nd4 11. Bd1 Bxf4 12. Qxf4 Nf6 13. O-O O-O 14. Re1
Rad8 15. Ne4 Nxe4 16. Rxe4 Qd6 17. Qe3 Nf5 18. Qc1 Kh8 19. b3 Qe7 20. Be2 Qf6
21. c3 g5 22. d4 Rg8 23. Qa3 a6 24. Qb4 Qe7 25. Qxb7 a5 26. Re5 Nd6 27. Qc6 Ra8
28. Re1 Ra7 29. Bg4 Qe8 30. Qc5 Qb8 31. Rxg5 Ne8 32. Bh5 Rxg5 33. Qxg5 f6 34.
Qh6 Kg8 35. Re3 Ng7 36. Qxf6 Nxh5 37. Qxe6+ Kh8 38. Qf7 Ng7 39. Re7 Qg8 40. Qf6
a4 41. bxa4 Rxa4 42. d5 Rxa2 43. Rxc7 Ra1+ 44. Kh2 Ra8 45. c4 Rf8 46. Qd4 Rf7
47. d6 h5 48. Rxf7 Qxf7 49. d7 1-0

[Event "FRA T I 120102011"]
[Site "FRA"]
[Date "2010.11.14"]
[Round "3.5"]
[White "Henneteau, Jeremie"]
[Black "Hodot, Yves"]
[Result "1-0"]
[WhiteElo "2116"]
[BlackElo "1952"]
[PlyCount "97"]
[EventDate "2010.10.17"]
[EventType "team-match"]
[EventRounds "9"]
[EventCountry "FRA"]
[Source "FFE"]
[SourceDate "2010.10.29"]
[WhiteTeamCountry "FRA"]
[BlackTeamCountry "FRA"]

1. d4 f5 2. c4 Nf6 3. Nf3 g6 4. g3 Bg7 5. Bg2 O-O 6. O-O c6 7. b3 a5 8. Bb2 d6
9. Nbd2 e6 10. Qc2 Na6 11. a3 Bd7 12. Ne1 Ng4 13. h3 Nh6 14. Nd3 g5 15. e3 Be8
16. b4 Qe7 17. Qb3 a4 18. Qxa4 f4 19. exf4 gxf4 20. Nxf4 Rxf4 21. gxf4 Qh4 22.
Qb3 Qxf4 23. Qe3 Qf7 24. Ne4 Nf5 25. Qf4 Nc7 26. Nxd6 Nxd4 27. Qxf7+ Bxf7 28.
Bxd4 Bxd4 29. Rad1 e5 30. Nxf7 Kxf7 31. Rd3 Ne6 32. Rg3 Nf4 33. Re1 h5 34. Be4
h4 35. Rb3 Ke7 36. Kf1 Rf8 37. Rf3 Kd6 38. Rb1 Ra8 39. Rd1 Rf8 40. a4 Kc7 41.
Rd2 Kb6 42. a5+ Ka6 43. Ra2 Rd8 44. Rd2 Ne6 45. Rf5 Rg8 46. b5+ cxb5 47. Bd5
Re8 48. Bxe6 Rxe6 49. cxb5+ {suite illisible} 1-0

[Event "FRA T I 120102011"]
[Site "FRA"]
[Date "2010.11.14"]
[Round "3.7"]
[White "Julien, Clement"]
[Black "Tching Sin, Olivier"]
[Result "1-0"]
[WhiteElo "1870"]
[BlackElo "2008"]
[PlyCount "97"]
[EventDate "2010.10.17"]
[EventType "team-match"]
[EventRounds "9"]
[EventCountry "FRA"]
[Source "FFE"]
[SourceDate "2010.10.29"]
[WhiteTeamCountry "FRA"]
[BlackTeamCountry "FRA"]

1. e4 c5 2. c3 d5 3. exd5 Qxd5 4. d4 Nf6 5. Nf3 Nc6 6. Be2 cxd4 7. cxd4 e6 8.
O-O Be7 9. Bf4 O-O 10. Nc3 Qd8 11. Bd3 Nb4 12. Bb1 b6 13. a3 Nbd5 14. Bg5 Bb7
15. Qd3 g6 16. Bh6 Re8 17. Ne2 Qd6 18. Ne5 Red8 19. Ng3 Bf8 20. Qd2 Bg7 21.
Bxg7 Kxg7 22. h4 Ne7 23. Rd1 Nc6 24. Be4 Nxe4 25. Nxe4 Qxd4 26. Qxd4 Rxd4 27.
Rxd4 Nxd4 28. Nd6 Bd5 29. Ndxf7 Rc8 30. Rd1 Nf5 31. g3 h6 32. Kf1 Rc2 33. b4
Ra2 34. Nd8 Rxa3 35. Rc1 Kf6 36. Ng4+ Ke7 37. Nb7 Bxb7 38. Rc7+ Kd6 39. Rxb7
Kc6 40. Rf7 Kb5 41. Rf6 Rc3 42. Rxg6 Nd4 43. Rxh6 Kxb4 44. Rh8 a5 45. h5 a4 46.
h6 a3 47. Ra8 a2 48. Rxa2 Rc8 49. Ra7 1-0

[Event "FRA T I 120102011"]
[Site "FRA"]
[Date "2010.11.13"]
[Round "2.2"]
[White "Fantin, Ludwig"]
[Black "Leroy, Olivier"]
[Result "1-0"]
[WhiteElo "2266"]
[BlackElo "2115"]
[PlyCount "95"]
[EventDate "2010.10.17"]
[EventType "team-match"]
[EventRounds "9"]
[EventCountry "FRA"]
[Source "FFE"]
[SourceDate "2010.10.29"]
[WhiteTeamCountry "FRA"]
[BlackTeamCountry "FRA"]

1. e4 c5 2. Nf3 d6 3. d4 cxd4 4. Nxd4 Nf6 5. Nc3 g6 6. Be3 Bg7 7. Be2 O-O 8.
O-O Nc6 9. f3 Bd7 10. Nd5 e6 11. Nxc6 Bxc6 12. Nb4 Qc7 13. Nxc6 bxc6 14. c4 d5
15. exd5 cxd5 16. Rc1 Rfd8 17. Qc2 Rac8 18. Bf2 Qb7 19. b3 e5 20. Rfd1 d4 21.
Bh4 Re8 22. Bd3 Nd7 23. Be4 Qb6 24. Kh1 f5 25. Bd5+ Kh8 26. a3 Qa6 27. Qb2 Nb6
28. Bf7 Rf8 29. Be6 Rce8 30. Bd5 Nxd5 31. cxd5 Qd6 32. b4 Qxd5 33. Rc7 Rf7 34.
Rc5 Qd7 35. Qb3 Qb7 36. Qa4 Rc8 37. Rdc1 Rxc5 38. bxc5 Qc7 39. Qe8+ Rf8 40. Qe6
Rc8 41. c6 Bf8 42. Bf6+ Bg7 43. Bg5 Bf8 44. h3 Bg7 45. Bh4 Bf8 46. Rb1 Qxc6 47.
Bf6+ Bg7 48. Qxc6 1-0

[Event "FRA T I 120102011"]
[Site "FRA"]
[Date "2010.11.13"]
[Round "2.6"]
[White "Oltra, Alexandre"]
[Black "Lees, Jean Pierre"]
[Result "1/2-1/2"]
[WhiteElo "1763"]
[BlackElo "1795"]
[PlyCount "95"]
[EventDate "2010.10.17"]
[EventType "team-match"]
[EventRounds "9"]
[EventCountry "FRA"]
[Source "FFE"]
[SourceDate "2010.10.29"]
[WhiteTeamCountry "FRA"]
[BlackTeamCountry "FRA"]

1. d4 d5 2. Bf4 e6 3. e3 Bd6 4. Bxd6 Qxd6 5. Nf3 Nf6 6. Be2 O-O 7. c3 Nbd7 8.
Nbd2 b6 9. O-O Bb7 10. Re1 Rfe8 11. Bf1 e5 12. dxe5 Nxe5 13. Nxe5 Qxe5 14. Nf3
Qe7 15. Qa4 Qe4 16. Qxe4 dxe4 17. Nd4 a6 18. Rad1 Rad8 19. Nf5 g6 20. Ng3 Kf8
21. Bc4 Ng4 22. Bb3 Ne5 23. Bc2 f5 24. b3 a5 25. Ne2 Ke7 26. Rxd8 Rxd8 27. Rd1
Rxd1+ 28. Bxd1 Ba6 29. c4 Kd6 30. Nc3 c6 31. f3 exf3 32. gxf3 Bc8 33. Kg2 h6
34. Kg3 Nd3 35. Bc2 Nc5 36. f4 Be6 37. h4 h5 38. Kf3 Bd7 39. Ne2 b5 40. Nd4
bxc4 41. bxc4 Be6 42. Nxe6 Nxe6 43. a3 c5 44. Ba4 Ke7 45. Bc6 Kf6 46. a4 Ke7
47. Bd5 Kf6 48. Bb7 1/2-1/2

[Event "FRA T I 120102011"]
[Site "FRA"]
[Date "2010.10.17"]
[Round "1.6"]
[White "Dijon, Fabien"]
[Black "Hamm, Fabien"]
[Result "0-1"]
[WhiteElo "2058"]
[BlackElo "1997"]
[PlyCount "94"]
[EventDate "2010.10.17"]
[EventType "team-match"]
[EventRounds "9"]
[EventCountry "FRA"]
[Source "FFE"]
[SourceDate "2010.10.29"]
[WhiteTeamCountry "FRA"]
[BlackTeamCountry "FRA"]

1. e4 c5 2. Nf3 e6 3. c4 Nc6 4. Nc3 d6 5. d4 cxd4 6. Nxd4 Nf6 7. Bg5 Be7 8.
Ndb5 a6 9. Bxf6 gxf6 10. Nd4 Qb6 11. Nb3 Bd7 12. Be2 Rg8 13. O-O Ne5 14. Kh1
Rc8 15. c5 dxc5 16. f4 Nc6 17. Rc1 Nd4 18. f5 Nxb3 19. axb3 Qd6 20. Qxd6 Bxd6
21. fxe6 Bxe6 22. Bc4 Ke7 23. Bd5 Rb8 24. Rf2 b6 25. Ra1 a5 26. Rd1 Be5 27. Na4
Rg5 28. Rfd2 Rh5 29. g3 Bxg3 30. Bxe6 Kxe6 31. Nc3 Bf4 32. Rf2 Be5 33. Nd5 Rh3
34. Rdf1 Rxb3 35. Nxf6 Bxf6 36. Rxf6+ Ke5 37. R1f5+ Kxe4 38. Rf4+ Kd3 39. Rf3+
Kc2 40. Rf2+ Kb1 41. Rxf7 Rxb2 42. R2f4 Rd8 43. Rf1+ Ka2 44. Rxh7 Rb1 45. Rxb1
Kxb1 46. Rh6 Rb8 47. Re6 c4 0-1

[Event "FRA T I 120102011"]
[Site "FRA"]
[Date "2010.11.14"]
[Round "3.6"]
[White "Oltra, Alexandre"]
[Black "Gagner, Nicolas"]
[Result "0-1"]
[WhiteElo "1763"]
[BlackElo "2064"]
[PlyCount "94"]
[EventDate "2010.10.17"]
[EventType "team-match"]
[EventRounds "9"]
[EventCountry "FRA"]
[Source "FFE"]
[SourceDate "2010.10.29"]
[WhiteTeamCountry "FRA"]
[BlackTeamCountry "FRA"]

1. d4 f5 2. c4 g6 3. Nc3 Bg7 4. Nf3 Nf6 5. e3 O-O 6. Bd3 d6 7. b4 e5 8. dxe5
dxe5 9. Bc2 Qe7 10. a3 c6 11. Bb2 e4 12. Nd2 Nbd7 13. O-O Ne5 14. c5 Rd8 15.
Qe2 Be6 16. Rfd1 Nd3 17. Bxd3 Rxd3 18. Rab1 Rdd8 19. Ba1 Ng4 20. Ncxe4 fxe4 21.
Nxe4 Rxd1+ 22. Rxd1 Bxa1 23. Rxa1 Bf5 24. Nd6 Qe5 25. Qa2+ Be6 26. Qb1 Qxh2+
27. Kf1 Qh1+ 28. Ke2 Qxg2 29. Qf1 Qd5 30. Qd1 Qh5 31. Qh1 Qxh1 32. Rxh1 Ne5 33.
Rh4 b6 34. Re4 Bg4+ 35. Kf1 Bh3+ 36. Ke2 Nd7 37. cxb6 axb6 38. Re8+ Rxe8 39.
Nxe8 b5 40. Nd6 Nb6 41. Kd3 Kf8 42. Kd4 Na4 43. Ne4 Bf5 44. Ng3 Bd7 45. Ne4 Ke7
46. f4 h5 47. Ng3 Bh3 0-1

[Event "FRA T I 120102011"]
[Site "FRA"]
[Date "2010.11.14"]
[Round "3.5"]
[White "Thomas, Fabien"]
[Black "Lachaux, Jerome"]
[Result "0-1"]
[WhiteElo "2126"]
[BlackElo "2008"]
[PlyCount "94"]
[EventDate "2010.10.17"]
[EventType "team-match"]
[EventRounds "9"]
[EventCountry "FRA"]
[Source "FFE"]
[SourceDate "2010.10.29"]
[WhiteTeamCountry "FRA"]
[BlackTeamCountry "FRA"]

1. e4 d5 2. exd5 Nf6 3. Nf3 Bg4 4. c4 c6 5. dxc6 Nxc6 6. Be2 e5 7. O-O Bc5 8.
d3 O-O 9. Be3 Bxe3 10. fxe3 Qb6 11. Qd2 e4 12. Ne1 exd3 13. Nxd3 Rad8 14. Rxf6
Bxe2 15. Rxc6 Qxc6 16. Qxe2 Qxc4 17. Nf4 Qc1+ 18. Kf2 Rd6 19. Kf3 Re8 20. g4 g5
21. Nh5 Rde6 22. e4 Rc8 23. Qd2 Qh1+ 24. Kg3 Qg1+ 25. Kh3 Qf1+ 26. Kg3 h6 27.
Qd4 Qe1+ 28. Kh3 Qh4+ 29. Kg2 Qxg4+ 30. Ng3 Rc1 31. Nc3 Rc2+ 32. Kg1 Qf3 33.
Nce2 Rxe2 34. Nxe2 Qxe2 35. Qd8+ Kg7 36. Rf1 Qxe4 37. Qd2 Re7 38. Qc3+ Qe5 39.
Qc2 Qe3+ 40. Rf2 Re6 41. Qf5 Qc1+ 42. Rf1 Qc7 43. b3 Qe7 44. Qf3 a6 45. Qd5 f6
46. Rd1 Re2 47. a4 Kg6 {suite illisible} 0-1

[Event "FRA T I 120102011"]
[Site "FRA"]
[Date "2010.10.17"]
[Round "1.8"]
[White "Copin, Oceane"]
[Black "Clavel, Carole"]
[Result "1-0"]
[WhiteElo "1897"]
[BlackElo "1886"]
[PlyCount "87"]
[EventDate "2010.10.17"]
[EventType "team-match"]
[EventRounds "9"]
[EventCountry "FRA"]
[Source "FFE"]
[SourceDate "2010.10.29"]
[WhiteTeamCountry "FRA"]
[BlackTeamCountry "FRA"]

1. d4 g6 2. Nf3 Bg7 3. Nbd2 d6 4. e4 Nf6 5. Bd3 O-O 6. O-O Nc6 7. c3 a6 8. a4
e5 9. dxe5 dxe5 10. Nc4 Qe7 11. h3 h6 12. b4 Rd8 13. Qc2 Nh5 14. Re1 Be6 15.
Be3 Nf4 16. Bf1 Qf6 17. Ncd2 g5 18. b5 axb5 19. axb5 Ne7 20. c4 Neg6 21. c5 g4
22. hxg4 Bxg4 23. c6 bxc6 24. Qxc6 Qxc6 25. bxc6 Rxa1 26. Rxa1 Rd6 27. Bb5 h5
28. Nc4 Rd8 29. Nfd2 Rb8 30. Ba6 Ra8 31. Ra5 Be2 32. Bb7 Rd8 33. Ra8 Rxa8 34.
Bxa8 Bf8 35. Nxe5 Ne6 36. Nd7 Be7 37. Nb3 Ng5 38. f3 Kg7 39. Nd4 Bc4 40. Nf5+
Kh7 41. Nxe7 Nxf3+ 42. gxf3 Nxe7 43. Bf4 Bb5 44. Nb8 1-0